000 00833nam a2200265 a 4500
001 57098
005 20180714053151.0
008 140415s2000 xxu 000 0 spa d
020 _a978-0-674-03327-6
041 _aspa
082 0 _a215
_bNUM
100 1 _aNumbers, Ronald L.
_eeditor
245 1 0 _aGalileo goes to Jail :
_band other about science and religion /
_cRonald L. Numbers.
250 _a1a ed.
260 _a[s.l.] :
_bHARVARD UNIVERSITY PRESS,
_c2000.
264 1 _aEstados Unidos de América :
_bHarvard University Press ;
_c2009
300 _ax, 302 páginas : ;
_c21 cm.
336 _atexto
_2trdacontent
337 _asin mediación
_2rdamedia
338 _avolumen
_2rdacarrier
650 4 _aCiencia
_xHistoria
650 4 _aReligión
650 4 _aCiencia
650 4 _aReligión y estado
999 _c57098
_d57098